ATLAS OF FIBEROPTIC BRONCHOSCOPY (Record no. 216909)

MARC details
000 -LEADER
fixed length control field 00445nam a22001697a 4500
008 - FIXED-LENGTH DATA ELEMENTS--GENERAL INFORMATION
fixed length control field 260331b |||||||| |||| 00| 0 eng d
020 ## - INTERNATIONAL STANDARD BOOK NUMBER
International Standard Book Number 978-9350-9034-07
050 ## - LIBRARY OF CONGRESS CALL NUMBER
Classification number RC 734.B7P73 2014
100 ## - MAIN ENTRY--PERSONAL NAME
Personal name RAJENDRA PRASAD
245 ## - TITLE STATEMENT
Title ATLAS OF FIBEROPTIC BRONCHOSCOPY
260 ## - PUBLICATION, DISTRIBUTION, ETC.
Place of publication, distribution, etc. NEW DELHI
Name of publisher, distributor, etc. JAYBEE BROTHERS
Date of publication, distribution, etc. 2014
300 ## - PHYSICAL DESCRIPTION
Extent X,143
500 ## - GENERAL NOTE
General note INCLUDES AN INDEX
650 ## - SUBJECT ADDED ENTRY
Topical term or geographic name entry element Bronchoscopy
942 ## - ADDED ENTRY ELEMENTS (KOHA)
Source of classification or shelving scheme Library of Congress Classification
Koha item type Long Loan Book
Holdings
Withdrawn status Lost status Source of classification or shelving scheme Damaged status Not for loan Collection Home library Current library Shelving location Date acquired Inventory number Total checkouts Full call number Barcode Date last seen Copy number Price effective from Koha item type
    Library of Congress Classification     Medicine Kisii University Library Kisii University Library On Display 03/31/2026 112694   RC 734.B7P73 2014 A000075 03/31/2026 C.3 03/31/2026 Long Loan Book
    Library of Congress Classification     Medicine Kisii University Library Kisii University Library On Display 03/31/2026 112695   RC 734.B7P73 2014 A000078 03/31/2026 C.4 03/31/2026 Long Loan Book
    Library of Congress Classification     Medicine Kisii University Library Kisii University Library On Display 03/31/2026 112693   RC 734.B7P73 2014 A000077 03/31/2026 C.2 03/31/2026 Long Loan Book
    Library of Congress Classification     Medicine Kisii University Library Kisii University Library On Display 03/31/2026 112692   RC 734.B7P73 2014 A000080 03/31/2026 C.1 03/31/2026 Long Loan Book